<?xml version="1.0" encoding="UTF-8"?>
<marc:record xmlns:marc="http://www.loc.gov/MARC21/slim">
   <marc:leader>00000nam a2200000 a 4500</marc:leader>
   <marc:datafield ind1="1" ind2=" " tag="100">
      <marc:subfield code="a">Burow, Olaf-Axel</marc:subfield>
      <marc:subfield code="4">aut</marc:subfield>
      <marc:subfield code="e">Verfasser/-in</marc:subfield>
   </marc:datafield>
   <marc:datafield ind1=" " ind2=" " tag="653">
      <marc:subfield code="a">S||Kreativität</marc:subfield>
   </marc:datafield>
   <marc:datafield ind1=" " ind2=" " tag="653">
      <marc:subfield code="a">S||Organisationsentwicklung</marc:subfield>
   </marc:datafield>
   <marc:datafield ind1=" " ind2=" " tag="653">
      <marc:subfield code="a">S||Gruppe</marc:subfield>
   </marc:datafield>
   <marc:datafield ind1="0" ind2="0" tag="245">
      <marc:subfield code="a">Ich bin gut - wir sind besser</marc:subfield>
   </marc:datafield>
   <marc:datafield ind1="0" ind2="0" tag="245">
      <marc:subfield code="b">Erfolgsmodelle kreativer Gruppen</marc:subfield>
   </marc:datafield>
   <marc:datafield ind1="0" ind2="0" tag="245">
      <marc:subfield code="c">Olaf-Axel Burow</marc:subfield>
   </marc:datafield>
   <marc:datafield ind1=" " ind2="1" tag="264">
      <marc:subfield code="a">Stuttgart</marc:subfield>
      <marc:subfield code="b">Klett-Cotta</marc:subfield>
      <marc:subfield code="c">2000</marc:subfield>
   </marc:datafield>
   <marc:datafield ind1="1" ind2=" " tag="520">
      <marc:subfield code="a">Wer sich je über Chaoten ärgerte, sollte seine Ungeduldsregungen augenblicklich zurücknehmen: bei den ChaotInnen, bei den Unkonventionellen, da sind die zukünftig Erfolgreichen, die MegamacherInnen zu finden. Widersprüche und Gegensätze zu den Etablierten zeichnen die zukünftigen Genies aus: "Die Entwicklung echten Schöpfertums setzt die Möglichkeit voraus, Um- und Abwege zu gehen." Dass auch Bill Gates sehr früh einen sogenannten Synergiepartner fand, der ihm half, soziale und fachliche Defizite zu überwinden und seine "innere Berufung" leben zu können, wird hier als Beleg der Entstehung kreativer Felder beschrieben. Na ja, ob die sozialen Defizite bei Bill Gates wirklich ausgeglichen wurden? Doch das Buch ist verlockend, es beschreibt auf sehr amüsante Weise die Zusammenarbeit der Beatles, zitiert die Erfolge ehemaliger Outsider und preist gebetsmühlenartig die Begriffe Synergieeffekt und Kreativität an.</marc:subfield>
   </marc:datafield>
   <marc:datafield ind1=" " ind2=" " tag="020">
      <marc:subfield code="a">3608940065</marc:subfield>
      <marc:subfield code="9">3608940065</marc:subfield>
   </marc:datafield>
   <marc:datafield ind1=" " ind2=" " tag="300">
      <marc:subfield code="a">278 S.</marc:subfield>
   </marc:datafield>
</marc:record>
